000 00501cab a2200193 4500
001 X1062
008 090401t1993 xxu||||| |||| 00| 0 eng d
035 _a(Sirsi) u14496
041 _aeng
245 _aESCS takes off in Paris
260 _c1993
350 _a0
490 _aCSM (Chartered Surveyor Monthly)
_v3(2) October 1993, 2(1)
650 _aABOUT RICS-RICS MEMBERS
650 _aEUROPEAN SOCIETY OF CHARTERED SURVEYORS
690 _aOVERSEAS-EUROPE
942 _n0
948 _c04/03/1997
999 _c9451
_d9451